<?xml version="1.0" encoding="UTF-8"?>
<record
    xmlns:xsi="http://www.w3.org/2001/XMLSchema-instance"
    xsi:schemaLocation="http://www.loc.gov/MARC21/slim http://www.loc.gov/standards/marcxml/schema/MARC21slim.xsd"
    xmlns="http://www.loc.gov/MARC21/slim">

  <leader>04560nam a22006137a 4500</leader>
  <controlfield tag="003">AR-RoUNA</controlfield>
  <controlfield tag="005">20260519093425.0</controlfield>
  <controlfield tag="008">260518b        |||||||| |||| 00| 0 spa d</controlfield>
  <datafield tag="020" ind1=" " ind2=" ">
    <subfield code="a">978-1638402022</subfield>
  </datafield>
  <datafield tag="040" ind1=" " ind2=" ">
    <subfield code="a">AR-RoUNA</subfield>
    <subfield code="b">spa</subfield>
    <subfield code="d">AR-RoUNA</subfield>
  </datafield>
  <datafield tag="041" ind1=" " ind2=" ">
    <subfield code="a">eng</subfield>
  </datafield>
  <datafield tag="044" ind1=" " ind2=" ">
    <subfield code="a">ag</subfield>
  </datafield>
  <datafield tag="245" ind1="1" ind2="0">
    <subfield code="a">Future or eclipse of criticism </subfield>
    <subfield code="c">/ editoras Lina Malfona, Luc&#xED;a Giorgetti, Cecilia Marcheschi y Elisa Barsanti</subfield>
  </datafield>
  <datafield tag="260" ind1=" " ind2=" ">
    <subfield code="a">Nueva York,</subfield>
    <subfield code="a">Barcelona :</subfield>
    <subfield code="b">Actar Publishers, </subfield>
    <subfield code="c">2025.</subfield>
  </datafield>
  <datafield tag="300" ind1=" " ind2=" ">
    <subfield code="a">259 p.:</subfield>
    <subfield code="c">17x13 cm</subfield>
  </datafield>
  <datafield tag="505" ind1="0" ind2=" ">
    <subfield code="t">INDICE</subfield>
  </datafield>
  <datafield tag="505" ind1="0" ind2=" ">
    <subfield code="t">DISCURSO DE APERTURA

</subfield>
  </datafield>
  <datafield tag="505" ind1="0" ind2=" ">
    <subfield code="a">Margherita Guccione, MAXXI Roma. p. 12</subfield>
  </datafield>
  <datafield tag="505" ind1="0" ind2=" ">
    <subfield code="a">Luca Lanini, Universidad de Pisa, italia. p. 16</subfield>
  </datafield>
  <datafield tag="505" ind1="0" ind2=" ">
    <subfield code="t">INTRODUCCION </subfield>
  </datafield>
  <datafield tag="505" ind1="0" ind2=" ">
    <subfield code="a">Lina Malfona, Universidad de Pisa, Italia. p. 20</subfield>
  </datafield>
  <datafield tag="505" ind1="0" ind2=" ">
    <subfield code="t">ENSAYOS</subfield>
  </datafield>
  <datafield tag="505" ind1="0" ind2=" ">
    <subfield code="a">Marco Biraghi (Arquitecto ,Polit&#xE9;cnico de Mil&#xE1;n) / El destino de la cr&#xED;tica. p. 40

</subfield>
  </datafield>
  <datafield tag="505" ind1="0" ind2=" ">
    <subfield code="a">
Franco Purini (Universidad Sapienza de Roma) / Un regalo insuperable. p. 47
</subfield>
  </datafield>
  <datafield tag="505" ind1="0" ind2=" ">
    <subfield code="a">Cynthia Davidson (Editora de la Revista LOG) / En estado cr&#xED;tico. p. 52</subfield>
  </datafield>
  <datafield tag="505" ind1="0" ind2=" ">
    <subfield code="a">Joseph Bedford / Sobre el valor de la cr&#xED;tica en la ense&#xF1;anza de la arquitectura: el jurado abierto y la promesa democr&#xE1;tica liberal de la pedagog&#xED;a de posguerra. p.64

</subfield>
  </datafield>
  <datafield tag="505" ind1="0" ind2=" ">
    <subfield code="a">Alberna Yaneva (Polit&#xE9;cnico de Torino) / Poniendo las cosas en &#xF3;rbita: El nuevo estilo de cr&#xED;tica. p. 89

</subfield>
  </datafield>
  <datafield tag="505" ind1="0" ind2=" ">
    <subfield code="a">Lorenzo Ciccarelli / (Universidad Polit&#xE9;cnica de Florencia) / El pensamiento cr&#xED;tico y la arquitectura como mercanc&#xED;a. p. 111</subfield>
  </datafield>
  <datafield tag="505" ind1="0" ind2=" ">
    <subfield code="a">Stan Allen (Universidad de Princeton) / &#xBF;Un debate inconcluso? Revisitando lo cr&#xED;tico y lo proyectivo. p. 118</subfield>
  </datafield>
  <datafield tag="505" ind1="0" ind2=" ">
    <subfield code="t">ENTREVISTAS</subfield>
  </datafield>
  <datafield tag="505" ind1="0" ind2=" ">
    <subfield code="a">Nina Bassolli. p. 136 </subfield>
  </datafield>
  <datafield tag="505" ind1="0" ind2=" ">
    <subfield code="a">   Giovanna Borasi, Centro de Arquitectura Canadiense. p. 148  </subfield>
  </datafield>
  <datafield tag="505" ind1="0" ind2=" ">
    <subfield code="a">   Pippo Ciorra, Universidad de Camerino. p. 154    </subfield>
  </datafield>
  <datafield tag="505" ind1="0" ind2=" ">
    <subfield code="a"> Fulvio Irace, Polit&#xE9;cnico de Mil&#xE1;n. p. 167 </subfield>
  </datafield>
  <datafield tag="505" ind1="0" ind2=" ">
    <subfield code="a">Helene Janniere, Universidad de Rennes 2. p. 181     </subfield>
  </datafield>
  <datafield tag="505" ind1="0" ind2=" ">
    <subfield code="a">Pierluigi Nicolin, Director de la Revista Lotus. p. 191</subfield>
  </datafield>
  <datafield tag="505" ind1="0" ind2=" ">
    <subfield code="a">Carlo Olmo, Polit&#xE9;cnico de Mil&#xE1;n. p. 201</subfield>
  </datafield>
  <datafield tag="505" ind1="0" ind2=" ">
    <subfield code="a">Teresa Stoppani, Universidad de las Artes de Norwich. p. 214

</subfield>
  </datafield>
  <datafield tag="505" ind1="0" ind2=" ">
    <subfield code="t">NOTAS DEL EDITOR</subfield>
  </datafield>
  <datafield tag="505" ind1="0" ind2=" ">
    <subfield code="a">Elisa Barsanti, Ceciia Marcheschi (Universidad de Pisa) / Ecos cr&#xED;ticos. p. 226

</subfield>
  </datafield>
  <datafield tag="505" ind1="0" ind2=" ">
    <subfield code="a">Lucia Giorgetti (Universidad de Pisa) / Bibliograf&#xED;a. p. 238</subfield>
  </datafield>
  <datafield tag="505" ind1="0" ind2=" ">
    <subfield code="t">INDICE</subfield>
  </datafield>
  <datafield tag="505" ind1="0" ind2=" ">
    <subfield code="a">Listado de nombres. p. 254</subfield>
  </datafield>
  <datafield tag="520" ind1=" " ind2=" ">
    <subfield code="a">&#xBF;Ha desaparecido definitivamente la cr&#xED;tica arquitect&#xF3;nica o se ha adaptado a las presiones, exigencias y modas actuales?

Su desaparici&#xF3;n puede deberse a la fibrilaci&#xF3;n o la astenia, a un juicio, condena y cr&#xED;tica excesivamente severos, o, por el contrario, a una resignada aceptaci&#xF3;n de la realidad. Pero, &#xBF;deber&#xED;a considerarse lamentable el ocaso de la cr&#xED;tica actual? &#xBF;No podr&#xED;a su ausencia ser aclamada como una nueva etapa de rigor y objetividad?

El objetivo tanto del ciclo de conferencias &#xAB;El futuro o el ocaso de la cr&#xED;tica&#xBB;, presentado en el Museo MAXXI de Roma, como del simposio hom&#xF3;nimo celebrado en la Escuela de Ingenier&#xED;a de la Universidad de Pisa, fue identificar aquellas figuras, exposiciones, proyectos editoriales y construcciones paradigm&#xE1;ticas que han apoyado o guiado enfoques cr&#xED;ticos espec&#xED;ficos. Pero antes de cuestionar el futuro de la cr&#xED;tica, los participantes se preguntaron si esta a&#xFA;n podr&#xED;a desempe&#xF1;ar un papel en la sociedad y, en caso afirmativo, de qu&#xE9; manera. De hecho, en un panorama cultural atrapado entre la horizontalidad de las redes sociales y la verticalidad de poderosas instituciones culturales, centros de investigaci&#xF3;n, think tanks, museos y bienales, la figura heroica del cr&#xED;tico ha sido reemplazada por la m&#xE1;s atractiva del periodista y curador de arquitectura.&#x202F;

Con contribuciones de Stan Allen, Nina Bassoli, Joseph Bedford, Marco Biraghi, Giovanna Borasi, Lorenzo Ciccarelli, Cynthia Davidson, Fulvio Irace, Lucia Giorgetti, H&#xE9;l&#xE8;ne Janni&#xE8;re, Lina Malfona, Pierluigi Nicolin, Franco Purini, Carlo Olmo, Albena Yaneva, Teresa Stoppani, Lucia Giorgetti, Cecilia Marcheschi y Elisa Barsanti

</subfield>
  </datafield>
  <datafield tag="650" ind1=" " ind2="4">
    <subfield code="a">Urbanismo</subfield>
  </datafield>
  <datafield tag="700" ind1="1" ind2=" ">
    <subfield code="a">Malfona, Lina</subfield>
    <subfield code="e">edt</subfield>
    <subfield code="9">27733</subfield>
  </datafield>
  <datafield tag="700" ind1="1" ind2=" ">
    <subfield code="a">Giorgetti, Lucia</subfield>
    <subfield code="e">edt</subfield>
    <subfield code="9">27734</subfield>
  </datafield>
  <datafield tag="700" ind1="1" ind2=" ">
    <subfield code="a">Marcheschi, Cecilia</subfield>
    <subfield code="e">edt</subfield>
    <subfield code="9">27735</subfield>
  </datafield>
  <datafield tag="700" ind1="1" ind2=" ">
    <subfield code="a">Barsanti, Elisa</subfield>
    <subfield code="e">edt</subfield>
    <subfield code="9">27736</subfield>
  </datafield>
  <datafield tag="908" ind1=" " ind2=" ">
    <subfield code="a">Imp</subfield>
  </datafield>
  <datafield tag="942" ind1=" " ind2=" ">
    <subfield code="2">udc</subfield>
    <subfield code="c">LIB</subfield>
  </datafield>
  <datafield tag="945" ind1=" " ind2=" ">
    <subfield code="d">2026-05-18</subfield>
  </datafield>
  <datafield tag="980" ind1=" " ind2=" ">
    <subfield code="6">5</subfield>
    <subfield code="a">Mar&#xED;a Machado</subfield>
    <subfield code="8">5</subfield>
    <subfield code="g">Mar&#xED;a Machado</subfield>
  </datafield>
  <datafield tag="999" ind1=" " ind2=" ">
    <subfield code="c">12417</subfield>
    <subfield code="d">12417</subfield>
  </datafield>
  <datafield tag="952" ind1=" " ind2=" ">
    <subfield code="0">0</subfield>
    <subfield code="1">0</subfield>
    <subfield code="2">udc</subfield>
    <subfield code="4">0</subfield>
    <subfield code="7">0</subfield>
    <subfield code="a">CURDIUR</subfield>
    <subfield code="b">CURDIUR</subfield>
    <subfield code="d">2026-05-18</subfield>
    <subfield code="l">0</subfield>
    <subfield code="p">LCUR-0373</subfield>
    <subfield code="t">ej. 1</subfield>
    <subfield code="y">LIB</subfield>
    <subfield code="x"></subfield>
  </datafield>
</record>
